[Event "1st IBCA European Team Chess Championship"]
[Site "Warsaw"]
[Date "1899-12-30"]
[Round "1.1"]
[White "Pawelec, Bartosz"]
[Black "Babarykin, Stanislav"]
[Result "0-1"]
[WhiteTitle ""]
[BlackTitle "FM"]
[WhiteElo "2116"]
[BlackElo "2372"]

1. e4 e5 2. Nf3 Nc6 3. Bc4 Nf6 4. Ng5 d5 5. exd5 Na5 6. Bb5+ c6 7. dxc6 bxc6 8.
Bd3 Ng4 9. h4 Bc5 10. Ne4 Bb6 11. f3 f5 12. fxg4 fxe4 13. Bxe4 O-O 14. Qe2 Rf2
15. Qd3 Qxd3 16. cxd3 Bxg4 17. Nc3 Raf8 18. b4 Bd4 19. Bf3 Bxf3 20. gxf3 Nb7 21.
Bb2 R2xf3 22. O-O-O Rxd3 23. Kc2 Rff3 24. Rde1 Nd6 25. Na4 Nc4 26. Re2 Nxb2 27.
Nxb2 Ra3 28. Kb1 Rh3 29. Rxh3 Rxh3 30. Re4 Kf7 31. Nc4 Ke6 32. Kc2 Kd5 33. d3
h5 34. a4 Rg3 35. Kd2 Rg2+ 36. Kd1 Ra2 37. Ke1 Rxa4 38. Kd1 Rxb4 39. Ne3+ Kd6
40. Nc2 Rb5 41. Nxd4 0-1

[Event "1st IBCA European Team Chess Championship"]
[Site "Warsaw"]
[Date "1899-12-30"]
[Round "1.2"]
[White "Meshkov, Yuri A."]
[Black "Chojnowski, Marcin"]
[Result "1-0"]
[WhiteTitle "IM"]
[BlackTitle ""]
[WhiteElo "2350"]
[BlackElo "1983"]

1. e4 c5 2. Nf3 d6 3. Bb5+ Bd7 4. a4 Nf6 5. d3 g6 6. O-O Nc6 7. Bf4 Bg7 8. Qc1
O-O 9. h3 a6 10. Bxc6 Bxc6 11. a5 c4 12. Bh6 cxd3 13. cxd3 Nd7 14. Bxg7 Kxg7 15.
Nc3 Rc8 16. Qe3 Nc5 17. d4 Nb3 18. Ra3 Nxa5 19. d5 Bd7 20. Qd4+ Kg8 21. b3 e5
22. Qe3 Kg7 23. Rfa1 b6 24. Na4 Bxa4 25. Rxa4 h6 26. b4 Nc4 27. Qe2 Ra8 28. Rxa6
Rxa6 29. Rxa6 Qc7 30. Qa2 Rb8 31. Ra7 Qc8 32. Ne1 Nd2 1-0

[Event "1st IBCA European Team Chess Championship"]
[Site "Warsaw"]
[Date "1899-12-30"]
[Round "1.3"]
[White "Barnowski, Sylwester"]
[Black "Pakhomov, Alexey"]
[Result "0-1"]
[WhiteTitle ""]
[BlackTitle "IM"]
[WhiteElo "1889"]
[BlackElo "2338"]

1. d4 d5 2. f4 c5 3. e3 Nc6 4. c3 Qb6 5. Bd3 Nh6 6. Nf3 g6 7. O-O Bg7 8. Qb3 Qd8
9. dxc5 O-O 10. e4 dxe4 11. Bxe4 Qc7 12. Qc2 a5 13. g3 Nd8 14. Be3 Ng4 15. Bd4
Ne6 16. Qe2 Nxc5 17. Bxg7 Kxg7 18. Bc2 b6 19. Nbd2 Ba6 20. c4 Bb7 21. h3 Nf6 22.
b3 Rad8 23. Ne5 Rd6 24. Rad1 Rfd8 25. Nef3 Nd3 26. Kh2 Re6 27. Qg2 Re3 28. Bxd3
Rdxd3 29. Rde1 Qd6 30. Rxe3 Rxe3 31. Qf2 Rc3 32. Re1 Rc2 33. a4 Bxf3 0-1

[Event "1st IBCA European Team Chess Championship"]
[Site "Warsaw"]
[Date "1899-12-30"]
[Round "1.4"]
[White "Suslov, Evgeniy"]
[Black "Zarow, Zdzislaw"]
[Result "1-0"]
[WhiteTitle ""]
[BlackTitle ""]
[WhiteElo "2221"]
[BlackElo "1849"]

1. Nf3 Nf6 2. c4 b6 3. g3 Bb7 4. Bg2 e6 5. O-O Be7 6. Nc3 O-O 7. d4 d5 8. cxd5
exd5 9. b3 Nbd7 10. Bb2 c6 11. Rc1 Re8 12. Qc2 Nf8 13. Rfd1 Ng6 14. Ne5 Bd6 15.
f4 Rc8 16. e4 Bb8 17. Bh3 Rc7 18. Nxg6 hxg6 19. e5 Nh7 20. b4 Bc8 21. Bg2 Bf5
22. Qe2 Qc8 23. b5 Bg4 24. Bf3 Bxf3 25. Qxf3 cxb5 26. Nxd5 Rxc1 27. Rxc1 Qf5 28.
Ne3 Qd7 29. Qc6 Nf8 30. Kg2 b4 31. Qxd7 Nxd7 32. Nd5 a5 33. Rc6 b5 34. Nb6 Nxb6
35. Rxb6 Rc8 36. Kf3 Rc2 37. Rxb8+ Kh7 38. Rxb5 Rxb2 39. Rxa5 Rxh2 40. d5 Rd2
41. d6 g5 42. f5 b3 43. axb3 Rd3+ 44. Ke4 Rxb3 45. e6 Rb8 1-0

[Event "1st IBCA European Team Chess Championship"]
[Site "Warsaw"]
[Date "1899-12-30"]
[Round "1.5"]
[White "Grigorchuk, Sergey"]
[Black "Cajzler, Hinko"]
[Result "1-0"]
[WhiteTitle "CM"]
[BlackTitle ""]
[WhiteElo "2267"]
[BlackElo "2099"]

1. Nf3 Nf6 2. c4 e6 3. Nc3 d5 4. d4 Be7 5. Bg5 c6 6. e3 Nbd7 7. Bd3 dxc4 8. Bxc4
b5 9. Bd3 a6 10. a4 Bb7 11. O-O b4 12. Bxf6 gxf6 13. Ne4 f5 14. Ned2 c5 15. Nb3
Rg8 16. Re1 Rc8 17. Rc1 cxd4 18. exd4 Rxc1 19. Nxc1 Qa8 20. Be2 Nf6 21. Nd3 Nd5
22. g3 f4 23. Nfe5 fxg3 24. hxg3 Ne3 25. fxe3 Rxg3+ 26. Kh2 Rg2+ 27. Kh3 Be4 28.
Bf3 Rg7 29. Rg1 Rg5 30. Bxe4 Qxe4 31. Qf3 Qxf3+ 32. Nxf3 Rh5+ 33. Kg4 Ra5 34.
b3 h5+ 35. Kh3 f6 36. e4 f5 37. exf5 Rxf5 38. Nfe5 Bd6 39. Rg8+ Ke7 40. Rg7+ Kf8
41. Rd7 Bxe5 42. dxe5 a5 43. Kh4 Ke8 44. Rd4 Rf1 45. Kxh5 Ke7 46. Kg5 1-0

[Event "1st IBCA European Team Chess Championship"]
[Site "Warsaw"]
[Date "1899-12-30"]
[Round "1.6"]
[White "Prpic, Milan"]
[Black "Wassin, Sergej"]
[Result "0-1"]
[WhiteTitle ""]
[BlackTitle "FM"]
[WhiteElo "1834"]
[BlackElo "2298"]

1. c4 Nf6 2. Nc3 c5 3. g3 d5 4. cxd5 Nxd5 5. Bg2 Nc7 6. Nf3 Nc6 7. O-O e5 8. d3
Be7 9. Nd2 O-O 10. Nc4 Bd7 11. f4 exf4 12. Bxf4 Ne6 13. Bd2 Bg5 14. Ne4 Bxd2 15.
Qxd2 Rb8 16. Ncd6 b6 17. Qc3 Ncd4 18. Rae1 Ng5 19. h4 Nxe4 20. Nxe4 Bc6 21. Qd2
Bd5 22. Rf4 f5 23. Nc3 Bxg2 24. Kxg2 Ne6 25. Rf2 f4 26. Ref1 Qe7 27. Ne4 fxg3
28. Rxf8+ Rxf8 29. Rxf8+ Qxf8 30. Kxg3 Qf5 31. Ng5 h5 32. Nxe6 Qg4+ 33. Kf2 Qxh4+
34. Kg2 Qg4+ 35. Kf1 Qxe6 36. e4 Qxa2 37. e5 Qe6 38. Qg5 g6 39. Ke2 Qg4+ 40. Qxg4
hxg4 41. Kf2 Kf7 0-1

[Event "1st IBCA European Team Chess Championship"]
[Site "Warsaw"]
[Date "1899-12-30"]
[Round "1.7"]
[White "Tuka, Oleg"]
[Black "Began, Branko"]
[Result "1-0"]
[WhiteTitle "IM"]
[BlackTitle ""]
[WhiteElo "2429"]
[BlackElo "1836"]

1. d4 d5 2. Nf3 Nf6 3. c4 c6 4. e3 e6 5. Nc3 Nbd7 6. Bd3 dxc4 7. Bxc4 b5 8. Bd3
a6 9. e4 Bb7 10. e5 Nd5 11. Nxd5 cxd5 12. O-O Be7 13. Bd2 Nb8 14. Rc1 Nc6 15.
Be3 h6 16. Nd2 h5 17. Nb3 Rc8 18. Nc5 Bxc5 19. Rxc5 Nb4 20. Rxc8 Qxc8 21. Bb1
g6 22. Qd2 Nc6 23. Rc1 Qd7 24. Rc5 h4 25. h3 Rh5 26. Bc2 Qd8 27. Bd1 Rh7 28. Bg5
Qb6 29. b4 Kd7 30. Bf6 a5 31. bxa5 Nxa5 32. Qb4 Ba6 33. Bg4 Nc6 34. Rxd5+ 1-0

[Event "1st IBCA European Team Chess Championship"]
[Site "Warsaw"]
[Date "1899-12-30"]
[Round "1.8"]
[White "Drazetic, Novica"]
[Black "Kolpakov, Vladyslav"]
[Result "0-1"]
[WhiteTitle ""]
[BlackTitle ""]
[WhiteElo "1621"]
[BlackElo "1944"]

1. e4 e6 2. d4 d5 3. exd5 exd5 4. Bd3 Nc6 5. Nf3 Bg4 6. Be3 Bd6 7. c3 Nge7 8. O-O
Qd7 9. h3 Bh5 10. Re1 O-O-O 11. Na3 f5 12. Nb5 f4 13. Nxd6+ Qxd6 14. Bc1 g5 15.
Be2 Rhg8 16. Ne5 Bg6 17. Bg4+ Kb8 18. Nxc6+ Nxc6 19. Re6 Qf8 20. Qb3 h5 21. Bf3
Ne7 22. Re5 g4 23. Bxd5 Nxd5 24. Rxd5 Rxd5 25. Qxd5 gxh3 26. g3 fxg3 27. f3 Bf7
28. Qe5 h2+ 29. Kg2 Qc8 30. Bg5 h4 31. Bxh4 Re8 32. Qf4 Bd5 33. Bxg3 Rf8 34. Qe3
Rxf3 35. Qxf3 Bxf3+ 36. Kxf3 Qf5+ 37. Kg2 Qc2+ 0-1

[Event "1st IBCA European Team Chess Championship"]
[Site "Warsaw"]
[Date "1899-12-30"]
[Round "1.9"]
[White "Nizam, Rasim"]
[Black "Tazbir, Marcin"]
[Result "0-1"]
[WhiteTitle "IM"]
[BlackTitle "GM"]
[WhiteElo "2185"]
[BlackElo "2524"]

1. e4 c6 2. d4 d5 3. e5 Bf5 4. Nf3 e6 5. Nbd2 Nd7 6. Nb3 Ne7 7. Be2 h6 8. O-O Bh7
9. Bd2 Nf5 10. Ne1 Be7 11. Bd3 c5 12. Nxc5 Bxc5 13. dxc5 Nxe5 14. Bb5+ Nc6 15.
Nd3 O-O 16. Bxc6 bxc6 17. Re1 Re8 18. Qg4 f6 19. f4 Qc7 20. Bc3 Qf7 21. Re2 Bg6
22. Qf3 h5 23. g3 Nh6 24. Nf2 Bf5 25. Rae1 Qg6 26. Bd4 Re7 27. c4 Rd8 28. cxd5
Rxd5 29. Bc3 Red7 30. Rxe6 Bxe6 31. Rxe6 Qf5 32. Rxc6 Rxc5 33. Kg2 Rxc6 34. Qxc6
Ng4 0-1

[Event "1st IBCA European Team Chess Championship"]
[Site "Warsaw"]
[Date "1899-12-30"]
[Round "1.10"]
[White "Mackowiak, Marek"]
[Black "Todorov, Aleksandar"]
[Result "1-0"]
[WhiteTitle ""]
[BlackTitle ""]
[WhiteElo "2161"]
[BlackElo "1951"]

1. c4 e5 2. Nc3 d6 3. d3 Nc6 4. g3 f5 5. Bg2 Nf6 6. Bg5 Be7 7. e3 h6 8. Bxf6 Bxf6
9. Qh5+ Kf8 10. Nd5 Be6 11. Rd1 g5 12. Qg6 Bxd5 13. Bxd5 Qe7 14. Bxc6 bxc6 15.
Qxf5 Kg7 16. Ne2 Rhf8 17. O-O Rf7 18. Rd2 Raf8 19. Qh3 e4 20. d4 d5 21. c5 Kg6
22. g4 Bg7 23. Ng3 Rf3 24. Qh5+ Kh7 25. Nf5 Qe6 26. Kg2 Rf6 27. Rg1 Rf8 28. Kh1
Qc8 29. b3 Qe6 30. Rg3 Rxg3 31. fxg3 a5 32. h4 gxh4 33. gxh4 Qg6 34. Qxg6+ Kxg6
35. Ne7+ Kf7 36. Nf5 Kg6 37. Rf2 Bf6 38. Kg2 Ra8 39. Kg3 a4 40. Nxh6 axb3 41.
axb3 Ra3 42. g5 Bg7 43. Nf5 Rxb3 44. Kg4 Bf8 45. h5+ Kh7 46. g6+ Kg8 47. h6 Bxh6
48. Nxh6+ Kg7 49. Kg5 1-0

[Event "1st IBCA European Team Chess Championship"]
[Site "Warsaw"]
[Date "1899-12-30"]
[Round "1.11"]
[White "Georgiev, Yordan Kirilov"]
[Black "Czajkowski, Adam"]
[Result "0-1"]
[WhiteTitle ""]
[BlackTitle ""]
[WhiteElo "1710"]
[BlackElo "2151"]

1. d4 Nf6 2. Nf3 g6 3. c4 Bg7 4. Nc3 d6 5. e4 Nbd7 6. Be3 O-O 7. h3 e5 8. d5 Nh5
9. Be2 Nf4 10. g3 Ng2+ 11. Kd2 Nxe3 12. fxe3 f5 13. g4 Nc5 14. gxf5 gxf5 15. Bd3
Qf6 16. Rf1 f4 17. b4 Nxd3 18. Kxd3 Bxh3 19. Rg1 fxe3 20. Ng5 Qh6 21. Rg3 Bf1+
22. Kxe3 Qf6 23. Qxf1 Qf4+ 24. Qxf4 exf4+ 25. Kd3 fxg3 26. e5 Bxe5 27. Rg1 h5
28. Nce4 h4 29. Ke2 Rae8 30. Ne6 Rf7 31. N4g5 Rf2+ 32. Ke1 Bc3+ 33. Kd1 g2 34.
Nh3 Rf1+ 35. Ke2 Rxg1 36. Nxg1 Bd4 37. Kf3 Bxg1 38. Kxg2 Be3 39. Kf3 Rxe6 40.
dxe6 Bg5 41. a4 Kg7 42. Kg4 Kf6 43. e7 Kxe7 44. Kxg5 h3 0-1

[Event "1st IBCA European Team Chess Championship"]
[Site "Warsaw"]
[Date "1899-12-30"]
[Round "1.12"]
[White "Suder, Ryszard"]
[Black "Ilieva, Gabriela"]
[Result "1-0"]
[WhiteTitle ""]
[BlackTitle ""]
[WhiteElo "2142"]
[BlackElo "1510"]

1. Nf3 Nf6 2. g3 g6 3. b3 Bg7 4. Bb2 c5 5. c4 O-O 6. Bg2 Nc6 7. O-O d6 8. Nc3 e6
9. d4 Ne7 10. Qd2 cxd4 11. Nxd4 d5 12. cxd5 Nfxd5 13. Nxd5 Nxd5 14. Rfd1 Nc7 15.
Rac1 Qe7 16. Qa5 Nd5 17. e4 b6 18. Qd2 Nf6 19. Nc6 Qd7 20. Qxd7 Nxd7 21. Ne7+
Kh8 22. Bxg7+ 1-0

[Event "1st IBCA European Team Chess Championship"]
[Site "Warsaw"]
[Date "1899-12-30"]
[Round "1.13"]
[White "Mueller, Oliver"]
[Black "Van Loy, Rick"]
[Result "1-0"]
[WhiteTitle "FM"]
[BlackTitle ""]
[WhiteElo "2266"]
[BlackElo "1899"]

1. d4 e6 2. c4 f5 3. Nc3 Nf6 4. Nf3 d6 5. g3 Be7 6. Bg2 O-O 7. O-O a5 8. Qc2 Nc6
9. a3 Qe8 10. d5 Ne5 11. Nd4 Nxc4 12. Ncb5 e5 13. Nxc7 Qh5 14. Nxa8 f4 15. Qxc4
exd4 16. Nb6 Ng4 17. h3 Ne5 18. Qxc8 Rxc8 19. Nxc8 Bf8 20. Bxf4 Qxe2 21. Bxe5
Qxe5 22. Rfe1 Qg5 23. h4 Qd2 24. Ne7+ Kf7 25. Nf5 g6 26. Red1 Qxb2 27. Nxd4 Bg7
28. Rab1 Qxa3 29. Rxb7+ Kg8 30. Ne6 Be5 31. Rdb1 1-0

[Event "1st IBCA European Team Chess Championship"]
[Site "Warsaw"]
[Date "1899-12-30"]
[Round "1.14"]
[White "Harnandan, Sergio"]
[Black "Eichstaedt, Mirko"]
[Result "0-1"]
[WhiteTitle ""]
[BlackTitle ""]
[WhiteElo "1897"]
[BlackElo "2241"]

1. d4 d5 2. c4 c6 3. Nc3 Nf6 4. Nf3 dxc4 5. a4 Bf5 6. e3 e6 7. Bxc4 Bb4 8. Qb3
Qe7 9. Ne5 O-O 10. f3 Nfd7 11. Nd3 Bxd3 12. Bxd3 c5 13. O-O cxd4 14. exd4 Nc6
15. Be3 Rfd8 16. Ne4 Nb6 17. Bg5 f6 18. Be3 Nxd4 19. Bxd4 Rxd4 20. Ng3 Kh8 21.
a5 Bc5 22. Kh1 Nd5 23. Rfe1 g6 24. Be4 Rd8 25. Rac1 Bb4 26. Ne2 Bxe1 27. Nxd4
Bxa5 28. Rd1 e5 29. Bxd5 exd4 30. Qxb7 Qxb7 31. Bxb7 d3 32. Kg1 d2 33. b3 Rd3
34. Kf1 Rxb3 35. Bd5 Rb5 36. Bc4 Rc5 37. Bb3 Bb4 38. Ke2 Rc7 39. Kd3 Rc3+ 0-1

[Event "1st IBCA European Team Chess Championship"]
[Site "Warsaw"]
[Date "1899-12-30"]
[Round "1.15"]
[White "Schellmann, Frank"]
[Black "Van Duuren, Louis"]
[Result "1-0"]
[WhiteTitle "CM"]
[BlackTitle ""]
[WhiteElo "2068"]
[BlackElo "1890"]

1. e4 c5 2. c3 d5 3. exd5 Qxd5 4. d4 e6 5. Nf3 Nc6 6. Be3 cxd4 7. cxd4 Bb4+ 8.
Nc3 Nf6 9. Bd3 O-O 10. O-O Bxc3 11. bxc3 Qh5 12. Rb1 a6 13. Be2 Qa5 14. Qb3 b5
15. a4 bxa4 16. Qc2 Qd8 17. Qxa4 Bd7 18. Qd1 Nd5 19. Bg5 f6 20. Bd2 Be8 21. c4
Nc7 22. Bf4 e5 23. Be3 exd4 24. Nxd4 Nxd4 25. Bxd4 Ne6 26. Bb6 Qxd1 27. Rfxd1
Bg6 28. Ra1 Rfc8 29. Bf3 Rab8 30. Ba7 Rb2 31. Rxa6 Bf7 32. c5 Kf8 33. c6 Nc7 34.
Raa1 Be6 35. h4 Rb5 36. Rac1 Ke8 37. Bc5 g6 38. Bd6 Ra5 39. Re1 Kf7 40. Ra1 Rxa1
41. Rxa1 Nb5 42. Bc5 Rc7 43. Rc1 Ke8 44. Bb6 Rf7 45. c7 Nxc7 46. Bxc7 Kf8 47.
Bd6+ Kg7 48. Rc7 Rxc7 49. Bxc7 Kf7 50. Kf1 Kg7 51. Ke1 Kf7 52. Kd2 Ke7 53. Bb8
Kf7 54. Kc3 Kg7 55. Kd4 h5 56. Bf4 Bd7 57. Kc5 Kf7 58. Bd5+ Kg7 59. Kd6 Ba4 1-0

[Event "1st IBCA European Team Chess Championship"]
[Site "Warsaw"]
[Date "1899-12-30"]
[Round "1.16"]
[White "Gundogmus, Alaettin"]
[Black "Schulz, Gert"]
[Result "0-1"]
[WhiteTitle ""]
[BlackTitle ""]
[WhiteElo "1590"]
[BlackElo "1999"]

1. d4 Nf6 2. c4 e6 3. Nc3 Bb4 4. Bg5 h6 5. Bxf6 Qxf6 6. a3 Bxc3+ 7. bxc3 d6 8.
e3 O-O 9. g3 c5 10. Bg2 Nc6 11. Bxc6 bxc6 12. Qf3 Qg6 13. Qxc6 Rb8 14. Qa4 cxd4
15. cxd4 Qe4 16. Nf3 Qxf3 0-1

[Event "1st IBCA European Team Chess Championship"]
[Site "Warsaw"]
[Date "1899-12-30"]
[Round "1.17"]
[White "Deville, Olivier"]
[Black "Palacios Perez, Manuel"]
[Result "0-1"]
[WhiteTitle ""]
[BlackTitle ""]
[WhiteElo "1849"]
[BlackElo "2163"]

1. c4 e5 2. Nc3 Nf6 3. Nf3 d6 4. d4 Nc6 5. dxe5 Nxe5 6. Nxe5 dxe5 7. Qxd8+ Kxd8
8. Nd5 Ne4 9. f3 Nd6 10. Bg5+ f6 11. Nxf6 h6 12. Bh4 Be7 13. O-O-O Bxf6 14. Bxf6+
gxf6 15. c5 Ke7 16. cxd6+ cxd6 17. e4 Be6 18. Kb1 Rhg8 19. g4 Rad8 20. Rc1 d5
21. Rc7+ Kd6 22. Rxb7 dxe4 23. fxe4 Bxg4 24. Bc4 Bf3 25. Re1 Rg4 26. Bd5 Rd7 27.
Rxd7+ Kxd7 28. Re3 Bg2 29. Kc1 f5 30. Ra3 Bxe4 31. Rxa7+ Kd6 32. Bxe4 Rxe4 33.
Ra6+ Kd5 34. Rxh6 f4 35. h4 Rd4 36. h5 f3 37. Rg6 Ke4 38. h6 Ke3 39. Rg5 f2 40.
Rxe5+ Kf4 0-1

[Event "1st IBCA European Team Chess Championship"]
[Site "Warsaw"]
[Date "1899-12-30"]
[Round "1.18"]
[White "Fernandez Manrique, Agustin"]
[Black "Sojka, Bernard"]
[Result "1-0"]
[WhiteTitle ""]
[BlackTitle ""]
[WhiteElo "2147"]
[BlackElo "1755"]

1. e4 e5 2. Nc3 Nc6 3. g3 g6 4. Bg2 Bg7 5. Nf3 Nf6 6. d4 exd4 7. Nxd4 Nxd4 8. Qxd4
d6 9. O-O O-O 10. Qd3 Rb8 11. e5 Ng4 12. exd6 Qxd6 13. Qxd6 cxd6 14. Rd1 Rd8 15.
Nb5 Bf8 16. Bf4 Be6 17. Bxd6 Bxd6 18. Nxd6 b6 19. b3 Kg7 20. Rd2 a5 21. Rad1 Rf8
22. h3 Nf6 23. f4 h5 24. c4 Ne8 25. Nb5 Kh6 26. Kf2 f6 27. Rd8 Ng7 28. Rxf8 Rxf8
29. Rd6 a4 30. Nd4 axb3 31. axb3 Bg8 32. Rxb6 g5 33. c5 Ne8 34. Be4 gxf4 35. gxf4
Kg7 1-0

[Event "1st IBCA European Team Chess Championship"]
[Site "Warsaw"]
[Date "1899-12-30"]
[Round "1.20"]
[White "Draghici Flutur, Gavril"]
[Black "Baue, Michel"]
[Result "1-0"]
[WhiteTitle ""]
[BlackTitle ""]
[WhiteElo "2094"]
[BlackElo "1700"]

1. e4 c5 2. Nf3 d6 3. d4 cxd4 4. Nxd4 Nf6 5. Nc3 b6 6. Bg5 e6 7. f4 Be7 8. Qf3
Nbd7 9. O-O-O Qc7 10. g4 b5 11. Bxf6 Bxf6 12. g5 Be7 13. h4 Bb7 14. Bh3 b4 15.
Nce2 Nc5 16. Ng3 a5 17. Kb1 a4 18. h5 g6 19. hxg6 hxg6 20. Bxe6 Rxh1 21. Bxf7+
Kxf7 22. Rxh1 Rg8 23. f5 gxf5 24. Ngxf5 Bd8 25. Ng7+ 1-0

[Event "1st IBCA European Team Chess Championship"]
[Site "Warsaw"]
[Date "1899-12-30"]
[Round "1.21"]
[White "Rositsan, Boris"]
[Black "Hilton, Stephen H"]
[Result "1-0"]
[WhiteTitle "FM"]
[BlackTitle ""]
[WhiteElo "2091"]
[BlackElo "1894"]

1. e4 c5 2. Nf3 d6 3. d4 cxd4 4. Nxd4 Nf6 5. Nc3 a6 6. Bc4 e6 7. Bb3 Nc6 8. f4
Bd7 9. Be3 Nxd4 10. Bxd4 Bc6 11. Qe2 Qa5 12. O-O-O Be7 13. f5 e5 14. Bf2 h5 15.
h3 h4 16. Qc4 O-O 17. Bxh4 Rac8 18. Bxf6 Bxf6 19. Rxd6 Be7 20. Rg6 Bb5 21. Qd5
Rxc3 22. Qxe5 1-0

[Event "1st IBCA European Team Chess Championship"]
[Site "Warsaw"]
[Date "1899-12-30"]
[Round "1.22"]
[White "Armstrong, William G"]
[Black "Grybas, Gintaras"]
[Result "0-1"]
[WhiteTitle ""]
[BlackTitle ""]
[WhiteElo "1839"]
[BlackElo "2012"]

1. c4 c6 2. Nf3 d5 3. e3 Bg4 4. Be2 e6 5. cxd5 exd5 6. O-O Nf6 7. b3 Bd6 8. Bb2
O-O 9. Nc3 Nbd7 10. d4 Qe7 11. h3 Bh5 12. Qc2 Bg6 13. Bd3 Bxd3 14. Qxd3 Ne4 15.
Nd2 f5 16. Ndxe4 fxe4 17. Qe2 Rf6 18. f4 exf3 19. Rxf3 Re6 20. Re1 Re8 21. Bc1
Nf6 22. g4 h6 23. Bd2 b5 24. Qg2 b4 25. Nd1 Ne4 26. Nb2 Qh4 27. Nd3 Ng5 28. Nxb4
Nxf3+ 29. Qxf3 Bg3 30. Re2 Rf6 31. Qg2 Ref8 32. Nd3 Rf1+ 33. Qxf1 Rxf1+ 34. Kxf1
Qxh3+ 0-1

[Event "1st IBCA European Team Chess Championship"]
[Site "Warsaw"]
[Date "1899-12-30"]
[Round "2.1"]
[White "Babarykin, Stanislav"]
[Black "Mueller, Oliver"]
[Result "1/2-1/2"]
[WhiteTitle "FM"]
[BlackTitle "FM"]
[WhiteElo "2372"]
[BlackElo "2266"]

1. e4 c5 2. Nf3 d6 3. Bb5+ Nc6 4. O-O Bd7 5. Re1 Nf6 6. c3 a6 7. Bf1 Bg4 8. h3
Bxf3 9. Qxf3 g6 10. d3 Bg7 11. Be3 Nd7 12. Nd2 O-O 13. Qd1 b5 14. Nf3 b4 15. Qa4
Qc7 16. d4 Rfc8 17. Rac1 bxc3 18. bxc3 Qa5 19. Qxa5 Nxa5 20. Rb1 cxd4 21. cxd4
Rc2 22. Re2 Rac8 23. Rxc2 Rxc2 24. a4 Nc4 25. Bf4 e5 26. dxe5 dxe5 27. Bg5 f6
28. Rb7 Nc5 29. Rc7 Nd6 30. Ne1 Ra2 31. Rxc5 fxg5 32. Rc6 Rd2 33. Rxa6 Nxe4 34.
Bc4+ Kf8 35. Nf3 Rd1+ 36. Kh2 Nxf2 37. Nxg5 Bh6 38. Rf6+ Ke7 39. Re6+ Kd7 40.
Rxe5 Bxg5 41. Rxg5 Rh1+ 42. Kg3 Ne4+ 43. Kf4 Nxg5 44. Kxg5 Rc1 45. Bg8 Rc5+ 46.
Kh6 Rh5+ 47. Kg7 Rg5 48. Bxh7 Rxg2 49. Bxg6 Ke7 50. h4 Ra2 51. h5 Rxa4 52. h6
Rh4 53. h7 Rxh7+ 54. Bxh7 1/2-1/2

[Event "1st IBCA European Team Chess Championship"]
[Site "Warsaw"]
[Date "1899-12-30"]
[Round "2.2"]
[White "Eichstaedt, Mirko"]
[Black "Meshkov, Yuri A."]
[Result "0-1"]
[WhiteTitle ""]
[BlackTitle "IM"]
[WhiteElo "2241"]
[BlackElo "2350"]

1. d4 Nf6 2. Nf3 d6 3. g3 Bf5 4. Bg2 Qc8 5. O-O h6 6. Nc3 c6 7. Re1 d5 8. Ne5 Nbd7
9. e4 dxe4 10. Nxe4 Nxe4 11. Bxe4 Bxe4 12. Rxe4 Nf6 13. Re2 e6 14. c4 Be7 15.
Bd2 O-O 16. Bc3 Rd8 17. Qe1 b5 18. d5 cxd5 19. cxb5 Ne4 20. Rc1 Qb7 21. Nc6 Rdc8
22. Nxe7+ Qxe7 23. a4 Qc5 24. Rec2 Qc4 25. Bxg7 Qxc2 26. Rxc2 Rxc2 27. Bxh6 Rxf2
28. Qd1 Rf6 29. Be3 Rg6 30. Bd4 f6 31. Qc2 f5 32. Qc6 Rf8 33. Bxa7 f4 34. Bd4
fxg3 35. hxg3 Nxg3 36. Be5 Ne2+ 37. Kh2 Rf2+ 38. Kh3 Ng1+ 39. Kh4 Nf3+ 40. Kh3
Nxe5 41. Qc8+ Rf8 42. Qc7 Rf3+ 43. Kh2 Rf5 44. Qd8+ Kg7 45. Qe7+ Nf7 0-1

[Event "1st IBCA European Team Chess Championship"]
[Site "Warsaw"]
[Date "1899-12-30"]
[Round "2.3"]
[White "Pakhomov, Alexey"]
[Black "Mueller, Thorsten"]
[Result "1-0"]
[WhiteTitle "IM"]
[BlackTitle ""]
[WhiteElo "2338"]
[BlackElo "2123"]

1. c4 c6 2. Nf3 Nf6 3. Qa4 d5 4. cxd5 Nxd5 5. Nc3 Nxc3 6. dxc3 g6 7. Bf4 Bg7 8.
e3 O-O 9. Be2 Nd7 10. Rd1 Qb6 11. Qc2 e5 12. Bg3 Re8 13. Bc4 Nc5 14. Ng5 Ne6 15.
Ne4 h6 16. O-O Ng5 17. Nd6 Re7 18. h4 Ne6 19. h5 g5 20. Rd2 Qc7 21. a4 a6 22.
Ba2 Bd7 23. Rfd1 Rf8 24. Nf5 Bc8 25. Bb1 f6 26. Nxe7+ 1-0

[Event "1st IBCA European Team Chess Championship"]
[Site "Warsaw"]
[Date "1899-12-30"]
[Round "2.4"]
[White "Schellmann, Frank"]
[Black "Suslov, Evgeniy"]
[Result "1/2-1/2"]
[WhiteTitle "CM"]
[BlackTitle ""]
[WhiteElo "2068"]
[BlackElo "2221"]

1. e4 d6 2. d4 Nf6 3. Nc3 Nc6 4. Nf3 e5 5. Bb5 Bd7 6. O-O exd4 7. Nxd4 Be7 8. Re1
O-O 9. h3 Re8 10. Bxc6 bxc6 11. Qf3 c5 12. Nf5 Bxf5 13. Qxf5 g6 14. Qf3 Nd7 15.
Nd5 Bf8 16. Be3 c6 17. Nf4 Ne5 18. Qg3 Bg7 19. f3 h5 20. Nd3 h4 21. Qf4 Rb8 22.
Rab1 Qe7 23. Nxe5 Bxe5 24. Qg5 Qd8 1/2-1/2

[Event "1st IBCA European Team Chess Championship"]
[Site "Warsaw"]
[Date "1899-12-30"]
[Round "2.5"]
[White "Palacios Perez, Manuel"]
[Black "Grigorchuk, Sergey"]
[Result "0-1"]
[WhiteTitle ""]
[BlackTitle "CM"]
[WhiteElo "2163"]
[BlackElo "2267"]

1. d4 Nf6 2. Nf3 e6 3. c4 d5 4. g3 Be7 5. Bg2 O-O 6. Qc2 a6 7. O-O dxc4 8. Qxc4
b5 9. Qc2 Bb7 10. Bf4 Nd5 11. Bd2 Nd7 12. a4 b4 13. Ne5 Nxe5 14. dxe5 a5 15. Rd1
Qb8 16. e4 Nb6 17. Be3 c5 18. f4 Ba6 19. Nd2 c4 20. Nf3 Qc7 21. Qf2 Nd7 22. g4
Nc5 23. Nd4 Nd3 24. Qe2 Bc5 25. Bf1 Qb6 0-1

[Event "1st IBCA European Team Chess Championship"]
[Site "Warsaw"]
[Date "1899-12-30"]
[Round "2.6"]
[White "Wassin, Sergej"]
[Black "Fernandez Manrique, Agustin"]
[Result "1-0"]
[WhiteTitle "FM"]
[BlackTitle ""]
[WhiteElo "2298"]
[BlackElo "2147"]

1. d4 Nf6 2. c4 g6 3. Nc3 Bg7 4. e4 d6 5. Be2 O-O 6. Nf3 e5 7. O-O Nbd7 8. Be3
Re8 9. d5 Ng4 10. Bg5 f6 11. Bd2 a5 12. Qc1 f5 13. exf5 gxf5 14. Ng5 Nf8 15. Bxg4
fxg4 16. Nge4 Bf5 17. Bg5 Qd7 18. f3 Ng6 19. fxg4 Bxe4 20. Nxe4 Qxg4 21. Qe3 Rf8
22. h3 Qd7 23. Qg3 Rf5 24. Qg4 Rxf1+ 25. Rxf1 Qxg4 26. hxg4 b6 27. g3 h6 28. Be3
Rf8 29. b3 Rxf1+ 30. Kxf1 Kf7 31. Ke2 Ne7 32. Nd2 Kg6 33. Nf3 Bf6 34. Nh4+ Bxh4
35. gxh4 Ng8 36. h5+ Kg7 37. g5 Kh7 38. Kd3 Ne7 39. Ke4 1-0

[Event "1st IBCA European Team Chess Championship"]
[Site "Warsaw"]
[Date "1899-12-30"]
[Round "2.7"]
[White "Clemente Llamero, Roberto"]
[Black "Shepelev, Igor"]
[Result "1/2-1/2"]
[WhiteTitle ""]
[BlackTitle ""]
[WhiteElo "2162"]
[BlackElo "2021"]

1. e4 e5 2. Nf3 Nf6 3. Nxe5 d6 4. Nf3 Nxe4 5. Nc3 Nxc3 6. dxc3 Be7 7. Be3 Nc6 8.
Qd2 Be6 9. O-O-O Qd7 10. Kb1 O-O-O 11. Ng5 Bxg5 12. Bxg5 f6 13. Be3 Ne5 14. b3
c5 15. c4 Qc6 16. f3 d5 17. cxd5 Rxd5 18. Qc1 Rxd1 19. Qxd1 Rd8 20. Qc1 c4 21.
Be2 cxb3 22. cxb3 Bf5+ 23. Ka1 Qxc1+ 24. Rxc1+ Kb8 25. Bf4 g5 26. Bxe5+ fxe5 27.
Rc5 Re8 28. Kb2 b6 29. Rd5 Kc7 30. Bb5 Re7 31. Kc3 h5 32. Kd2 Bc8 33. Ke3 a6 34.
Be2 Bb7 35. Rd2 Rd7 36. Rxd7+ Kxd7 37. Bd3 Ke6 38. Bg6 h4 39. g3 hxg3 40. hxg3
a5 41. Be4 Ba6 42. a3 Bc8 43. b4 axb4 44. axb4 Bd7 45. Bb7 Ba4 46. Kd3 Bb5+ 47.
Ke4 Bd7 48. Ba8 Ba4 49. Bb7 Bc2+ 50. Ke3 Kf5 51. Bc8+ Kf6 52. Ba6 Ke6 53. Bc4+
Kd6 54. Kd2 Ba4 55. Ke3 Bc2 56. Kd2 Ba4 57. Ke3 Bc2 1/2-1/2

[Event "1st IBCA European Team Chess Championship"]
[Site "Warsaw"]
[Date "1899-12-30"]
[Round "2.8"]
[White "Kolpakov, Vladyslav"]
[Black "Draghici Flutur, Gavril"]
[Result "1-0"]
[WhiteTitle ""]
[BlackTitle ""]
[WhiteElo "1944"]
[BlackElo "2094"]

1. e4 c5 2. Nf3 Nc6 3. Bb5 g6 4. Bxc6 bxc6 5. O-O Bg7 6. Re1 Nh6 7. Nc3 O-O 8.
d4 cxd4 9. Nxd4 e5 10. Nb3 f5 11. Bxh6 Bxh6 12. Qd6 Bg7 13. Rad1 Re8 14. exf5
gxf5 15. Nd5 Re6 16. Qc7 Qe8 17. Ne3 Rf6 18. Nc4 e4 19. Nd6 Rxd6 20. Qxd6 Be5
21. Qd2 d5 22. Qg5+ Kh8 23. c4 Be6 24. cxd5 cxd5 25. Nd4 Qf7 26. Qh6 Bd7 27. Nf3
Bf6 28. Ng5 Bxg5 29. Qxg5 Rg8 30. Qf4 Qg7 31. g3 d4 32. Rc1 d3 33. Rc7 Qd4 34.
Rec1 Rd8 35. Qd2 Be6 36. b3 f4 37. Qxf4 d2 38. Rd1 Bh3 1-0